Handbuch der Vorgeschichte Bd. 2. Jungsteinzeit Teilbd. 1 Text
Saved in:
| Main Author: | |
|---|---|
| Document Type: | Book |
| Language: | German |
| Published: |
München
: Beck
, 1968
|
| Subjects: | |
| Related Items: | Rezensiert in:
[Rezension von: Hermann Müller-Karpe, Jungsteinzeit, Handbuch der Vorgeschichte, Bd. 2] Rezensiert in: [Rezension von: Hermann Müller-Karpe, Handbuch der Vorgeschichte, Bd. 2, Jungsteinzeit] Rezensiert in: [Rezension von: Hermann Müller-Karpe, Handbuch der Vorgeschichte] |
| Author Notes: | von Hermann Müller-Karpe |
| LEADER | 02931cam a22004932cc4500 | ||
|---|---|---|---|
| 001 | 1071830473 | ||
| 003 | DE-627 | ||
| 005 | 20240424195832.0 | ||
| 007 | tu | ||
| 008 | 850101s1968 gw ||||| 00| ||ger c | ||
| 035 | |a (DE-627)1071830473 | ||
| 035 | |a (DE-576)001830473 | ||
| 035 | |a (DE-599)BSZ001830473 | ||
| 035 | |a (OCoLC)310586156 | ||
| 035 | |a (OCoLC)310586156 | ||
| 040 | |a DE-627 |b ger |c DE-627 |e rakwb | ||
| 041 | |a ger | ||
| 044 | |c XA-DE-BY | ||
| 084 | |a 1 |2 ssgn | ||
| 084 | |a NF 1100 |2 rvk |0 (DE-625)rvk/125191: | ||
| 084 | |a NF 1200 |q DE-24/19sred |2 rvk |0 (DE-625)rvk/125211:1186 | ||
| 084 | |a 15.19 |2 bkl | ||
| 084 | |a 15.19 |2 bkl | ||
| 100 | 1 | |a Müller-Karpe, Hermann |d 1925-2013 |0 (DE-588)119271540 |0 (DE-627)080076351 |0 (DE-576)162309392 |4 aut | |
| 245 | 1 | 0 | |a Handbuch der Vorgeschichte |p Bd. 2. Jungsteinzeit |n Teilbd. 1 |p Text |c von Hermann Müller-Karpe |
| 264 | 1 | |a München |b Beck |c 1968 | |
| 300 | |a XIII, 612 S. | ||
| 336 | |a Text |b txt |2 rdacontent | ||
| 337 | |a ohne Hilfsmittel zu benutzen |b n |2 rdamedia | ||
| 338 | |a Band |b nc |2 rdacarrier | ||
| 583 | 1 | |a Archivierung/Langzeitarchivierung gewährleistet |f SSG |x XA-DE-BW |2 pdager |5 DE-21 | |
| 773 | 1 | 8 | |w (DE-627)1071830449 |w (DE-576)001830449 |g Bd. 2, Teilbd. 1 |q 2,1 |7 nnam |
| 787 | 0 | 8 | |i Rezensiert in |a Driehaus, Jürgen, 1927 - 1986 |t [Rezension von: Hermann Müller-Karpe, Jungsteinzeit, Handbuch der Vorgeschichte, Bd. 2] |d Hildesheim : August Lax Verlagsbuchhandlung, 1971 |w (DE-627)1681617951 |
| 787 | 0 | 8 | |i Rezensiert in |a Lüning, Jens, 1938 - |t [Rezension von: Hermann Müller-Karpe, Handbuch der Vorgeschichte, Bd. 2, Jungsteinzeit] |d Kevelaer, Rhld. : Verlag Butzon & Berker, 1970 |w (DE-627)1758645121 |
| 787 | 0 | 8 | |i Rezensiert in |a Mandera, Heinz-Eberhard, 1922 - 1995 |t [Rezension von: Hermann Müller-Karpe, Handbuch der Vorgeschichte] |d Berlin : Walter de Gruyter & Co, 1971 |w (DE-627)1854794515 |
| 889 | |w (DE-576)484359657 | ||
| 935 | |a mteo | ||
| 936 | r | v | |a NF 1100 |b Allgemeine Nachschlagewerke der Ur- und Frühgeschichte |k Geschichte |k Ur- und Frühgeschichte / Prähistorische Archäologie |k Allgemeines |k Allgemeine Nachschlagewerke der Ur- und Frühgeschichte |0 (DE-627)1271449668 |0 (DE-625)rvk/125191: |0 (DE-576)201449668 |
| 936 | r | v | |a NF 1200 |b Allgemeines |k Geschichte |k Ur- und Frühgeschichte / Prähistorische Archäologie |k Allgemeine und europäische Ur- und Frühgeschichte nach Epochen |k Zeitlich übergreifende Darstellungen |k Gesamtzeitraum |k Allgemeines |0 (DE-627)1270710354 |0 (DE-625)rvk/125211:1186 |0 (DE-576)200710354 |
| 936 | b | k | |a 15.19 |j Vor- und Frühgeschichte |q coli-conc RVK->BK |q https://coli-conc.gbv.de/api/mappings/75cc445c-571d-40a5-a765-030d7671b9ad |0 (DE-627)10640329X |
| 936 | b | k | |a 15.19 |j Vor- und Frühgeschichte |q coli-conc RVK->BK |q https://coli-conc.gbv.de/api/mappings/86628ea8-ce7c-4261-a534-79c6ddd79ae8 |0 (DE-627)10640329X |
| 951 | |a MV | ||
| 991 | |a Rezensiertes Werk | ||
| 999 | |a KXP-PPN1071830473 |e 4978418844 | ||


